000 00341nam a2200145Ia 4500
008 150201s2010 xx 000 0 und d
082 _a616.01
_bM10I
100 _aICHHPUJANI , R.L.
245 _aMICROBIOLOGY FOR NURSES
250 _a2ND
260 _bJAYPEE
_aDELHI
_c2010
300 _a222
650 _aMICROBIOLOGY
942 _2ddc
_cBK
_03
999 _c2070
_d2070